La educación de los ciegos
Saved in:
| Main Author: | |
|---|---|
| Other Authors: | |
| Format: | Unknown |
| Language: | Spanish |
| Published: |
México DF
Talleres Gráficos de la Nación
1943
|
| Textbook Catalogue: | MANES: Library Catalog Search Result |
| Textbook Classification: |
|
| Tags: |
Add Tag
No Tags, Be the first to tag this record!
|
| Added to: | 2016-04-26 |
| Changed in: | 2022-07-27 |
MARC
| LEADER | 000000000a22000000004500 | ||
|---|---|---|---|
| 001 | 14202 | ||
| 003 | OSt | ||
| 005 | 20220728014806.0 | ||
| 008 | 160427s sp ||||| |||| 00| 0 spa d | ||
| 040 | |c centro_manes | ||
| 041 | 1 | |a spa | |
| 100 | 1 | |a Frampton, Merle E |b Autor, Profesor |9 10057 | |
| 245 | 0 | 0 | |a La educación de los ciegos |
| 260 | 3 | |a México DF |b Talleres Gráficos de la Nación |c 1943 | |
| 300 | |a XXXII, 332 p. |c 22 x 17 cm | ||
| 500 | |a nivel: Libro para formación de maestros. |a Signatura topográfica: 2B-8929. Contenido: Prólogo, introducción y palabras del traductor. Se divide en 5 partes: 1. Guía para los grados elementales (4 capítulos). 2. Enriqueciendo la vida en la Escuela Secundaria (12 capítulos). 3. El arte musical para los ciegos (1 capítulo). 4. Experiencias vocacionales y prevocacionales (5 capítulos). 5. La senda hacia la vida abundante para niños ciegos (6 capítulos). Hay un total de 28 capítulos. El libro es de pasta blanda a tres colores. | ||
| 546 | |a México | ||
| 690 | 7 | |a ETP | |
| 691 | 0 | |a SE | |
| 700 | 1 | |a Meza León, Alejandro |b Traductor, Profesor |9 10058 | |
| 942 | |2 ddc |c BK | ||
| 999 | |c 20176 |d 20176 | ||
| 999 | |c manes:20176 |d 20176 | ||